Introducción a la historia de la arquitectura: de los orígenes al siglo XXI
Guardado en:
| Autor principal: | |
|---|---|
| Formato: | Libro |
| Lenguaje: | español |
| Publicado: |
Barcelona, España
Revertè
2012
|
| Colección: | Estudios Universitarios de Arquitectura,
8 |
| Materias: | |
| Etiquetas: |
Agregar Etiqueta
Sin Etiquetas, Sea el primero en etiquetar este registro!
|
MARC
| LEADER | 00000cam a2200000 a 4500 | ||
|---|---|---|---|
| 001 | UCD2314 | ||
| 003 | CL-VaPUC | ||
| 005 | 20240703090123.0 | ||
| 008 | 160421e20120000sp |||||||||||||||||spa|d | ||
| 999 | |c 363476 |d 363474 | ||
| 020 | |a 9788429121087 | ||
| 040 | |c Pontificia Universidad Católica de Valparaíso | ||
| 082 | 0 | 4 | |a 724.7 ALO 2012 |2 21 |
| 100 | 0 | |a Alonso Pereira, José Ramón |e author |9 585642 | |
| 245 | 1 | 0 | |a Introducción a la historia de la arquitectura: |b de los orígenes al siglo XXI |
| 260 | |a Barcelona, España |b Revertè |c 2012 | ||
| 300 | |a 378 páginas | ||
| 490 | 0 | |a Estudios Universitarios de Arquitectura, |v 8 | |
| 583 | |a last modification |c 20160817 04:05:13 |k Rodrigo Vera | ||
| 650 | 0 | |a Historia de la arquitectura |9 266241 | |
| 650 | 0 | |a Arquitectura |y Siglo 21 |9 556966 | |
| 650 | 0 | |a Arquitectura contemporánea |9 367350 | |
| 942 | |c BK |2 ddc | ||
| 945 | |d 20160421 23:07:00 |a arojas | ||
| 952 | |0 0 |1 0 |2 ddc |3 erb |4 0 |6 724_700000000000000_ALO_2012 |7 0 |8 A |9 475926 |a BIBARQ |b BIBARQ |i 5282829 |l 2 |o 724.7 ALO 2012 |p 5282829 |r 2025-01-20 |s 2022-08-19 |t 1 |w 2019-11-24 |y BK |z Catalogado en:20160421 |k ARQ | ||